000 01094cam a2200373 4500
008 090401t1995 xxu||||| |||| 00| 0 eng d
020 _a0854066896
035 _a(Sirsi) u61836
041 _aeng
050 _a630.026
090 _a630.026
090 _aRICS 1995/30ABCD
100 _aWarren, M.
245 _aCounty farms past, present and future.
260 _aLondon
_bRICS
_c1995
300 _aiv,23,(16)p. ; 30cm.
350 _a7.95
520 _aResearch for RICS carried out by The Department of Land Use and Rural Management, Seale - Hayne Faculty of Agriculture, Food and Land Use, University of Plymouth.
650 _aCOUNTY ESTATES
650 _aCOUNTY FARMS
650 _aFARM BUSINESS TENANCIES
650 _aFARM LAND
650 _aFARMING
650 _aQUESTIONNAIRE
650 _aTENANTS
650 _aUNIVERSITY OF PLYMOUTH
690 _aRURAL PRACTICE
700 _aWhitehead, I.R.G.
700 _aFelton, T.J.
700 _aBrunt, P.R.
710 _aRoyal Institution of Chartered Surveyors
_94900
942 _n0
948 _c04/03/1997
999 _c94354
_d94354